Normal view MARC view

Entry Nombre personal

Number of records used in: 41

001 - NÚMERO DE CONTROL

  • campo de control: 94056

003 - IDENTIFICADOR DE NÚMERO DE CONTROL

  • campo de control: SpMaBN

005 - FECHA Y HORA DE LA ÚLTIMA TRANSACCIÓN

  • campo de control: 20240124150612.0

008 - ELEMENTOS DE DATO DE LONGITUD-FIJA

  • campo de control de longitud fija: 901120nn aijnnaabn n aaa

016 ## - NÚMERO DE CONTROL DE UNA AGENCIA BIBLIOGRÁFICA NACIONAL

  • Número de control del registro: BNE19900194172

024 7# - IDENTIFICADOR DE OTROS ESTÁNDARES

  • Número estándar o código: http://viaf.org/viaf/32001793/
  • Fuente: viaf

024 8# - IDENTIFICADOR DE OTROS ESTÁNDARES

  • Número estándar o código: https://data.cervantesvirtual.com/person/9933

024 7# - IDENTIFICADOR DE OTROS ESTÁNDARES

  • Número estándar o código: https://isni.org/isni/0000000121003911
  • Fuente: isni

024 7# - IDENTIFICADOR DE OTROS ESTÁNDARES

  • Número estándar o código: http://www.wikidata.org/entity/Q7199
  • Fuente: wikidata

040 ## - FUENTE DE CATALOGACIÓN

  • Centro catalogador/agencia de origen: SpMaBN
  • Lengua de catalogación: spa
  • Centro/agencia transcriptor: SpMaBN
  • Normas de descripción: rdc
  • Convención/Normas de encabezamiento de materia/tesauro: embne

046 ## - FECHAS CON CODIFICACIÓN ESPECIAL

  • Fecha de nacimiento: 1871
  • Fecha de la muerte: 1922

100 1# - ENCABEZAMIENTO-NOMBRE DE PERSONA

  • Nombre de persona: Proust, Marcel,
  • Fechas asociadas al nombre: 1871-1922

370 ## - LUGAR ASOCIADO

  • Lugar de nacimiento: París
  • Número de control del registro de autoridad o número normalizado: XX451222
  • Fuente de información: Wikidata

372 ## - CAMPO DE ACTIVIDAD

  • Campo de actividad: Pastiche
  • Campo de actividad: Novela
  • Fuente de información: Wikidata

374 ## - OCUPACIÓN

  • Ocupación: Escritores
  • Ocupación: Poetas
  • Ocupación: Traductores
  • Ocupación: Críticos literarios
  • Ocupación: Escritores
  • Ocupación: Guionistas
  • Ocupación: Ensayistas
  • Ocupación: Novelistas
  • Ocupación: Bibliotecarios
  • Fuente de información: Wikidata

375 ## - GÉNERO/SEXO

  • Género: Masculino

377 ## - IDIOMA ASOCIADO

  • Término de lengua/lenguaje: Francés

670 ## - FUENTE DE DATOS ENCONTRADOS

  • Cita de la fuente: Sur la lecture, 1985

670 ## - FUENTE DE DATOS ENCONTRADOS

  • Cita de la fuente: Dic. de escritores célebres, 1995
  • Información encontrada: (Proust, Marcel; novelista francés (París, 1871-íd., 1922)

670 ## - FUENTE DE DATOS ENCONTRADOS

  • Cita de la fuente: WWW BN-OPALE Plus, 11-1-2001
  • Información encontrada: (Proust, Marcel (1871-1922))